Kitab al-azrad (Record no. 1434782)

MARC details
000 -LEADER
fixed length control field 00636nam a22002177a 4500
005 - DATE AND TIME OF LATEST TRANSACTION
control field 20250818165054.0
008 - FIXED-LENGTH DATA ELEMENTS--GENERAL INFORMATION
fixed length control field 250818b |||||||| |||| 00| 0 eng d
037 ## - SOURCE OF ACQUISITION
Terms of availability TB
040 ## - CATALOGING SOURCE
Original cataloging agency AL
Transcribing agency AL
041 ## - LANGUAGE CODE
Source of code ARB
Language code of text/sound track or separate title ARB
084 ## - COLON CLASSIFICATION NUMBER
Classification number Q7:25 28P9
Item number AL
100 ## - MAIN ENTRY--PERSONAL NAME
Personal name Abuzari, Mohammad Auda
9 (RLIN) 818060
245 ## - TITLE STATEMENT
Title Kitab al-azrad
260 ## - PUBLICATION, DISTRIBUTION, ETC.
Place of publication, distribution, etc. Cairo, Egypt:
Name of publisher, distributor, etc. Al-sakafa
Date of publication, distribution, etc. 2009
300 ## - PHYSICAL DESCRIPTION
Extent 247p.
365 ## - TRADE PRICE
Price amount 1100.00
Currency code INR
650 ## - SUBJECT ADDED ENTRY--TOPICAL TERM
Topical term or geographic name entry element Islam
650 ## - SUBJECT ADDED ENTRY--TOPICAL TERM
Topical term or geographic name entry element Islam-Hadith
942 ## - ADDED ENTRY ELEMENTS (KOHA)
Source of classification or shelving scheme Colon Classification (CC)
Koha item type Textbook
Classification part Q7:25 28P9
Suppress in OPAC No
Holdings
Withdrawn status Lost status Source of classification or shelving scheme Damaged status Not for loan Home library Current library Date acquired Source of acquisition Cost, normal purchase price Inventory number Total Checkouts Full call number Barcode Date last seen Price effective from Koha item type
    Colon Classification (CC)     Arts Library Arts Library 2025-08-18 Nadwi Publications 1100.00 1820 & 12/12/2024   Q7:25 28P9 AL1804185 2025-08-18 2025-08-18 Textbook
Copyright @ Delhi University Library System